[Event "AUT-ch Open 2020"]
[Site "Graz"]
[Date "2020.02.16"]
[Round "3.2"]
[White "Secheres, Adrian-Simion"]
[Black "Hapala, Elisabeth"]
[Result "1-0"]
[WhiteElo "2387"]
[BlackElo "2170"]
[Annotator "ChessBase"]
[PlyCount "81"]
[EventDate "2020.02.14"]
[EventType "swiss"]
[EventCountry "AUT"]
[SourceTitle "playchess.com"]
[Source "ChessBase"]
[SourceQuality "1"]
[TimeControl "40/5400+30:1800+30"]

1. d4 {[%emt 0:00:00]} Nf6 {[%emt 0:00:00]} 2. c4 {[%emt 0:00:00]} e6 {[%emt 0:00:00]} 3. Nc3 {[%emt 0:00:11]} Bb4 {[%emt 0:00:00]} 4. e3 {[%emt 0:00:22]} O-O {[%emt 0:00:32]} 5. Nf3 {[%emt 0:00:34]} d5 {[%emt 0:00:48]} 6. Bd2 {[%emt 0:00:12]} b6 {[%emt 0:08:29]} 7. cxd5 {[%emt 0:00:44]} exd5 {[%emt 0:00:15]} 8. Rc1 {[%emt 0:00:20]} Re8 {[%emt 0:05:25]} 9. Bd3 {[%emt 0:00:41]} Bb7 {[%emt 0:03:40]} 10. O-O {[%emt 0:00:47]} a6 {[%emt 0:11:56]} 11. Ne5 {[%emt 0:03:17]} Nbd7 {[%emt 0:02:06]} 12. f4 {[%emt 0:01:44]} c5 {[%emt 0:23:55]} 13. Rf3 {[%emt 0:08:48]} Ne4 {[%emt 0:05:59]} 14. Be1 {[%emt 0:16:58]} Ndf6 {[%emt 0:10:22]} 15. Bh4 {[%emt 0:11:38]} cxd4 {[%emt 0:02:16]} 16. exd4 {[%emt 0:00:16]} Rc8 {[%emt 0:02:09]} 17. Rh3 {[%emt 0:02:34]} Be7 {[%emt 0:05:18]} 18. Bxf6 {[%emt 0:03:16]} Bxf6 {[%emt 0:08:10]} 19. Qh5 {[%emt 0:00:38]} Bxe5 {[%emt 0:00:04]} 20. Qxh7+ {[%emt 0:00:15]} Kf8 {[%emt 0:00:00]} 21. fxe5 {[%emt 0:00:15]} Qg5 {[%emt 0:04:14]} 22. Rf1 {[%emt 0:01:08]} Ke7 {[%emt 0:04:48]} 23. Bxe4 {[%emt 0:03:28]} dxe4 {[%emt 0:00:03]} 24. Rg3 {[%emt 0:00:16]} Rh8 {[%emt 0:00:54]} 25. Qxe4 {[%emt 0:02:08]} Bxe4 {[%emt 0:00:31]} 26. Rxg5 {[%emt 0:00:06]} Bd3 {[%emt 0:00:27]} 27. Rd1 {[%emt 0:01:49]} Bc2 {[%emt 0:00:28]} 28. Rd2 {[%emt 0:00:06]} Bg6 {[%emt 0:00:04]} 29. d5 {[%emt 0:01:31]} b5 {[%emt 0:00:41]} 30. a3 {[%emt 0:00:11]} a5 {[%emt 0:00:48]} 31. d6+ {[%emt 0:02:07]} Ke6 {[%emt 0:00:27]} 32. Nxb5 {[%emt 0:00:57]} Rc1+ {[%emt 0:00:09]} 33. Kf2 {[%emt 0:00:05]} Rxh2 {[%emt 0:00:17]} 34. Nd4+ {[%emt 0:00:31]} Kd7 {[%emt 0:00:55]} 35. e6+ {[%emt 0:00:06]} Kd8 {[%emt 0:00:41]} 36. e7+ {[%emt 0:01:59]} Kd7 {[%emt 0:00:10]} 37. Rxa5 {[%emt 0:00:18]} Be4 {[%emt 0:00:51]} 38. Ra7+ {[%emt 0:00:20]} Ke8 {[%emt 0:00:08]} 39. d7+ {[%emt 0:00:24]} Kxe7 {[%emt 0:00:05]} 40. d8=Q+ {[%emt 0:00:08]} Kxd8 {[%emt 0:00:05]} 41. Nc6+ {[%emt 0:30:06]} 1-0

[Event "AUT-ch Open 2020"]
[Site "Graz"]
[Date "2020.02.16"]
[Round "3.3"]
[White "Nomin-Erdene, Davaademberel"]
[Black "Meshkovs, Nikita"]
[Result "0-1"]
[WhiteElo "2417"]
[BlackElo "2566"]
[Annotator "TA"]
[PlyCount "136"]
[EventDate "2020.02.14"]
[EventType "swiss"]
[EventCountry "AUT"]
[SourceTitle "playchess.com"]
[Source "ChessBase"]
[SourceQuality "1"]

{[%evp 21,136,56,62,53,65,62,64,33,35,23,36,31,44,26,44,43,60,43,42,40,37,17,37,28,37,33,110,117,114,111,94,107,86,87,89,89,125,73,85,79,79,77,242,242,254,254,263,236,208,213,197,204,214,219,322,322,323,319,215,8,8,8,8,0,0,0,0,-10,-10,-147,-147,-147,-147,-147,-147,-174,-27,-27,-27,-27,-27,-27,-27,-27,0,-27,-27,-139,0,-29961,-29964,-29967,-29962,-29976,-29972,-29972,-29973,-29976,-29977,-29978,-29977,-29976,-29975,-29975,-29976,-29976,-29977,-29978,-29979,-29979,-29980,-29981,-29981,-29982,-29983,-29983,-29983]} 1. e4 c5 2. Nf3 Nc6 3. d4 cxd4 4. Nxd4 Nf6 5. Nc3 d6 6. Bg5 e6 7. Qd2 Be7 8. O-O-O a6 9. f4 Nxd4 10. Qxd4 b5 11. Bxf6 gxf6 12. Kb1 {B66: Sicilian: Richter-Rauzer: 7...a6 8 0-0-0 h6.} Qc7 13. f5 Qc5 14. Be2 {White is slightly better.} (14. Qd2 {looks sharper.} Bb7 15. Bd3 O-O-O 16. Qh6 Kb8 17. Qg7) 14... Qxd4 15. Rxd4 {[#]} Rg8 $146 ({Predecessor:} 15... Bd7 16. Rhd1 Rg8 17. g4 Rb8 18. Bf3 a5 19. Ne2 b4 20. R4d2 Rb6 21. Nd4 Kd8 22. Rg2 {½-½ (22) Salvador Marques,C (2403)-Daubenfeld,N (2512) ICCF email 2010}) 16. g3 Rb8 17. a3 Rb6 18. Rf1 Bd8 19. a4 {[%cal Ra4b5]} b4 20. a5 $36 {[%mdl 2048] White has good play.} Rb8 21. Na2 $1 {[%cal Ra2b4]} Bxa5 22. fxe6 Bxe6 23. Rxd6 Bb6 (23... b3 $14 24. cxb3 Rxb3) 24. Nxb4 $16 Bc5 25. Rxe6+ $1 fxe6 26. Nxa6 {[%mdl 64] Double Attack} Rc8 27. Nxc5 Rxc5 28. Rxf6 {[%mdl 4096] Endgame KRR-KRB} Rg6 29. Rf4 ({White should play} 29. Rf2) 29... Rh6 30. h4 Ke7 31. b4 Rc8 $2 (31... Rc3 $16) 32. e5 $18 Rg6 33. g4 $1 Rgg8 34. Kb2 Rgf8 35. Re4 $1 Rf2 36. b5 Rcf8 37. Kb3 R8f4 (37... h6 $142 38. c4 R8f4) 38. Rxf4 Rxf4 {KR-KB} 39. b6 Kd8 40. c4 $2 (40. Ba6 $18 Rxg4 41. c4) 40... Kd7 $1 $11 41. c5 Kc6 42. Bc4 Re4 43. h5 Rxg4 44. Bxe6 Rg5 45. Bc8 (45. h6 $11) 45... Rxe5 $17 46. b7 Kc7 47. Kc4 Rxh5 48. c6 {[#]} Re5 ({Black should try} 48... Rh6 $1 $19 {[%cal Rh6c6]} 49. Bd7 Rh1) 49. Kd4 $11 Re8 50. Bd7 $1 {[%cal Rd7e8]} Re1 {And now ...h5 would win.} 51. Bg4 $1 Rg1 52. Bf3 Re1 {aiming for ...Rb1.} 53. Bg4 Re7 {...Re8 is the strong threat.} 54. Kd5 (54. Kd3 $11) 54... Rg7 (54... Re8 $17 {Strongly threatening ...Rd8+.} 55. Bd7 Re1) 55. Bd7 $2 {[%mdl 8192] [#]} (55. Bf5 $11) 55... Rg3 $1 {Black mates.} 56. Bf5 h5 57. b8=Q+ Kxb8 58. Kd6 Rc3 59. Be6 Rd3+ 60. Ke5 h4 61. Bf5 Rc3 62. Kd6 Ka7 63. c7 Kb7 64. Be4+ Kb6 65. Bg2 Rxc7 66. Ke5 Rc3 67. Kf4 h3 68. Bd5 h2 {Accuracy: White = 80%, Black = 79%.} 0-1

[Event "AUT-ch Open 2020"]
[Site "Graz"]
[Date "2020.02.16"]
[Round "3.3"]
[White "Banzea, Alexandru-Bogdan"]
[Black "Cosman, Andreea-Marioara"]
[Result "1-0"]
[WhiteElo "2368"]
[BlackElo "2165"]
[Annotator "ChessBase"]
[PlyCount "63"]
[EventDate "2020.02.14"]
[EventType "swiss"]
[EventCountry "AUT"]
[SourceTitle "playchess.com"]
[Source "ChessBase"]
[SourceQuality "1"]
[TimeControl "40/5400+30:1800+30"]

1. e4 {[%emt 0:00:00]} c5 {[%emt 0:00:00]} 2. Nf3 {[%emt 0:00:00]} d6 {[%emt 0:00:00]} 3. d4 {[%emt 0:00:00]} cxd4 {[%emt 0:00:00]} 4. Nxd4 {[%emt 0:00:01]} Nf6 {[%emt 0:00:00]} 5. Nc3 {[%emt 0:00:06]} a6 {[%emt 0:00:00]} 6. h3 {[%emt 0:00:09]} g6 {[%emt 0:00:11]} 7. Be3 {[%emt 0:00:23]} Nc6 {[%emt 0:00:38]} 8. Qd2 {[%emt 0:00:31]} Bg7 {[%emt 1:33:11]} 9. O-O-O {[%emt 0:00:49]} Bd7 {[%emt 0:00:00]} 10. g4 {[%emt 0:06:18]} O-O {[%emt 0:00:00]} 11. f3 {[%emt 0:00:52]} Rc8 {[%emt 0:00:00]} 12. h4 {[%emt 0:01:47]} h5 {[%emt 0:00:00]} 13. Kb1 {[%emt 0:08:03]} Qa5 {[%emt 0:00:00]} 14. Nb3 {[%emt 0:05:40]} Qd8 {[%emt 0:00:00]} 15. Nd5 {[%emt 0:07:29]} Nxd5 {[%emt 0:00:00]} 16. exd5 {[%emt 0:00:38]} Ne5 {[%emt 0:00:00]} 17. Nd4 {[%emt 0:06:09]} hxg4 {[%emt 0:00:00]} 18. h5 {[%emt 0:01:21]} gxf3 {[%emt 0:00:00]} 19. hxg6 {[%emt 0:16:35]} fxg6 {[%emt 0:00:00]} 20. Bh6 {[%emt 0:13:35]} Rf7 {[%emt 0:00:08]} 21. Bxg7 {[%emt 0:03:43]} Rxg7 {[%emt 0:02:42]} 22. Qh6 {[%emt 0:06:00]} Ng4 {[%emt 0:02:07]} 23. Qh8+ {[%emt 0:02:03]} Kf7 {[%emt 0:00:04]} 24. Qh3 {[%emt 0:00:17]} Ne5 {[%emt 0:00:54]} 25. Ne6 {[%emt 0:01:59]} Qc7 {[%emt 0:00:53]} 26. Bd3 {[%emt 0:00:55]} Qa5 {[%emt 0:01:22]} 27. Bxg6+ {[%emt 0:07:21]} Nxg6 {[%emt 0:00:12]} 28. Qxf3+ {[%emt 0:01:42]} Kg8 {[%emt 0:00:04]} 29. Nxg7 {[%emt 0:01:11]} Kxg7 {[%emt 0:00:12]} 30. Rdg1 {[%emt 0:01:12]} Be8 {[%emt 0:00:27]} 31. Qh3 {[%emt 0:00:33]} Qc7 {[%emt 0:01:21]} 32. Qh8+ {[%emt 0:00:18]} 1-0

[Event "AUT-ch Open 2020"]
[Site "Graz"]
[Date "2020.02.16"]
[Round "3.4"]
[White "Schwabeneder, Florian"]
[Black "Palac, Mladen"]
[Result "1/2-1/2"]
[WhiteElo "2412"]
[BlackElo "2536"]
[Annotator "TA"]
[PlyCount "66"]
[EventDate "2020.02.14"]
[EventType "swiss"]
[EventCountry "AUT"]
[SourceTitle "playchess.com"]
[Source "ChessBase"]
[SourceQuality "1"]

{[%evp 9,66,10,10,15,17,10,26,7,25,5,21,-1,0,-4,5,0,0,6,5,16,10,-14,-14,-12,-10,-15,0,-21,-4,-8,11,0,14,0,18,16,16,10,9,10,20,15,32,29,43,43,52,20,49,27,63,64,53,48,54,37,37,17,28]} 1. Nf3 d5 2. g3 c6 3. Bg2 Bg4 4. O-O e6 5. d3 Nf6 6. h3 {A07: Réti Opening: New York and Capablanca Systems.} Bh5 7. c4 Be7 8. Qb3 {White has an edge.} Qc8 9. Nc3 {[#]} Nbd7 $146 ({Predecessor:} 9... O-O 10. cxd5 cxd5 11. g4 Bg6 12. Bf4 Nc6 13. Rac1 Nd7 14. Na4 Re8 15. Rfe1 Bd8 {½-½ (50) Ronat,O (2317)-Krebs,J (2278) ICCF email 2014}) 10. Be3 dxc4 11. dxc4 Nc5 12. Qc2 a5 13. Rad1 Bg6 14. Qc1 Nfd7 15. Bd4 f6 16. Nh4 Bf7 17. b3 O-O 18. Ne4 Nxe4 19. Bxe4 Nc5 20. Bb1 Qc7 21. Qe3 b6 22. f4 Rfe8 23. Kh2 Rad8 24. Bc3 Bd6 25. Nf3 Rd7 26. Kg2 Red8 27. Rd2 Bf8 28. Rfd1 Rd6 29. Bc2 Nb7 30. Rxd6 Rxd6 31. Rxd6 Nxd6 32. Nd4 Qd7 33. g4 c5 {Accuracy: White = 96%, Black = 93%.} 1/2-1/2

[Event "AUT-ch Open 2020"]
[Site "Graz"]
[Date "2020.02.16"]
[Round "3.4"]
[White "Giacomini, Hector"]
[Black "Barp, Alberto"]
[Result "0-1"]
[WhiteElo "2161"]
[BlackElo "2368"]
[Annotator "ChessBase"]
[PlyCount "58"]
[EventDate "2020.02.14"]
[EventType "swiss"]
[EventCountry "AUT"]
[SourceTitle "playchess.com"]
[Source "ChessBase"]
[SourceQuality "1"]
[TimeControl "40/5400+30:1800+30"]

1. Nf3 {[%emt 0:00:00]} d5 {[%emt 0:00:00]} 2. e3 {[%emt 0:00:00]} Nf6 {[%emt 0:00:02]} 3. c4 {[%emt 0:00:00]} e6 {[%emt 0:00:04]} 4. Nc3 {[%emt 0:00:00]} b6 {[%emt 0:00:33]} 5. b3 {[%emt 0:00:15]} Bd6 {[%emt 0:00:55]} 6. Bb2 {[%emt 0:00:10]} O-O {[%emt 0:00:55]} 7. Rc1 {[%emt 0:00:07]} a6 {[%emt 0:00:38]} 8. d4 {[%emt 0:01:40]} Nbd7 {[%emt 0:00:46]} 9. Bd3 {[%emt 0:00:17]} Bb7 {[%emt 0:00:06]} 10. O-O {[%emt 0:00:08]} Ne4 {[%emt 0:07:36]} 11. Ne2 {[%emt 0:02:26]} Qf6 {[%emt 0:08:31]} 12. Qc2 {[%emt 0:07:25]} Qh6 {[%emt 0:01:36]} 13. h3 {[%emt 0:12:08]} Ndf6 {[%emt 0:10:22]} 14. Ne5 {[%emt 0:01:57]} Rad8 {[%emt 0:06:52]} 15. Rcd1 {[%emt 0:11:30]} dxc4 {[%emt 0:12:48]} 16. Nxc4 {[%emt 0:02:00]} Qg5 {[%emt 0:18:46]} 17. f4 {[%emt 0:11:05]} Qh4 {[%emt 0:03:50]} 18. Nxd6 {[%emt 0:08:00]} cxd6 {[%emt 0:00:41]} 19. Qc7 {[%emt 0:00:47]} Rd7 {[%emt 0:01:49]} 20. Qc2 {[%emt 0:05:27]} Rc8 {[%emt 0:00:04]} 21. Qb1 {[%emt 0:00:23]} Rdc7 {[%emt 0:03:22]} 22. Bc1 {[%emt 0:02:13]} Ng3 {[%emt 0:03:25]} 23. Nxg3 {[%emt 0:05:17]} Qxg3 {[%emt 0:00:03]} 24. Rf2 {[%emt 0:00:20]} Nd5 {[%emt 0:01:16]} 25. Re1 {[%emt 0:08:34]} Nc3 {[%emt 0:01:42]} 26. Qb2 {[%emt 0:03:12]} Bxg2 {[%emt 0:00:51]} 27. Rxg2 {[%emt 0:00:16]} Qxe1+ {[%emt 0:00:05]} 28. Kh2 {[%emt 0:00:06]} Na4 {[%emt 0:01:42]} 29. bxa4 {[%emt 0:01:01]} Rxc1 {[%emt 0:15:10]} 0-1

[Event "AUT-ch Open 2020"]
[Site "Graz"]
[Date "2020.02.16"]
[Round "3.5"]
[White "Vorobiov, Evgeny E."]
[Black "Ioannidis, Evgenios"]
[Result "1-0"]
[WhiteElo "2520"]
[BlackElo "2399"]
[Annotator "TA"]
[PlyCount "87"]
[EventDate "2020.02.14"]
[EventType "swiss"]
[EventCountry "AUT"]
[SourceTitle "playchess.com"]
[Source "ChessBase"]
[SourceQuality "1"]

{[%evp 10,87,5,2,21,14,18,21,19,27,16,19,29,26,41,32,35,11,0,9,24,14,96,98,95,67,106,56,50,58,72,0,62,32,29,27,36,29,29,25,27,0,0,0,0,-6,0,-7,83,-25,10,10,448,433,473,464,512,502,547,540,532,518,532,448,448,448,441,441,440,440,440,438,438,432,423,423,6279,549,5722,5722]} 1. c4 Nf6 2. Nc3 e5 3. Nf3 Nc6 4. e3 Bb4 5. Qc2 O-O 6. Nd5 Bc5 {A28: English Opening: Four Knights Variation.} 7. Ng5 {Intending Nxf6+ and mate.} g6 8. Nxf6+ Qxf6 {The position is equal.} 9. Ne4 {[%mdl 64] Double Attack} Qe7 $1 10. a3 {White wants to play b4.} a5 11. b3 Ba7 12. Bb2 d6 13. Be2 f5 14. Nc3 Be6 15. O-O {[#]} Qf7 $146 (15... f4 $11) ({Predecessor:} 15... Nb8 16. b4 c6 17. Na4 axb4 18. axb4 Nd7 19. f4 exf4 20. Rxf4 g5 21. Rff1 b5 22. cxb5 cxb5 {1-0 (42) Grossmann,P-Nagorni,W Germany 1986}) 16. f4 h5 17. g3 Rad8 18. Bf3 e4 19. Be2 Kh7 20. Kg2 (20. Rad1 $16) 20... Ne7 (20... a4 $11) 21. Nb5 Bb6 22. b4 c5 23. bxc5 Bxc5 24. h3 Rc8 25. Qa4 Rfd8 26. Rac1 $36 {[%mdl 2048] White fights for an advantage.} d5 27. cxd5 Nxd5 28. Nd4 Nb6 (28... Bd7 $11 {remains equal.} 29. Bb5 Nb6 30. Qxa5 Ra8 31. Qxa8 Rxa8 32. Rxc5 Bxb5 33. Nxb5 Qb3) 29. Qd1 ({Of course not} 29. Qxa5 Bc4 $11) ({But not} 29. Nxe6 $2 Nxa4 30. Ng5+ Kg8 $19) (29. Qb5 $16 Bd7 30. Qxa5) 29... Bd7 30. Qb3 Qe7 $2 {[%mdl 8192] [#]} (30... Qxb3 $11 {and Black has nothing to worry.} 31. Nxb3 Bf8) 31. Rxc5 $1 $18 {[%mdl 576] Remove Defender. White is clearly winning.} Rxc5 32. Qxb6 Bc6 33. Bc3 Rcd5 34. Nxc6 bxc6 35. Qxc6 Qxa3 36. Qf6 {[%csl Gc3][%cal Rf6g7]} Qf8 37. Qxf8 Rxf8 38. Rb1 {Threatens to win with Rb7+.} Rfd8 39. Bc4 Rxd2+ 40. Bxd2 Rxd2+ 41. Kf1 Rc2 42. Rb7+ Kh6 (42... Kh8 $142 43. Bf7 Rc6) 43. Bb3 (43. Bg8 $142 {[%csl Gg8][%cal Rb7h7]} g5 44. Bh7 gxf4 45. gxf4 Rc1+ 46. Ke2 Rc2+ {[#]} 47. Kd1 $1 {[%mdl 512]}) 43... Rb2 44. h4 {Accuracy: White = 74%, Black = 55%.} 1-0

[Event "AUT-ch Open 2020"]
[Site "Graz"]
[Date "2020.02.16"]
[Round "3.5"]
[White "Szotkowski, Jakub"]
[Black "Simonetto, Andrea"]
[Result "1/2-1/2"]
[WhiteElo "2367"]
[BlackElo "2158"]
[Annotator "ChessBase"]
[PlyCount "67"]
[EventDate "2020.02.14"]
[EventType "swiss"]
[EventCountry "AUT"]
[SourceTitle "playchess.com"]
[Source "ChessBase"]
[SourceQuality "1"]
[TimeControl "40/5400+30:1800+30"]

1. d4 {[%emt 1:30:30]} d5 {[%emt 0:00:00]} 2. c4 {[%emt 0:00:00]} e6 {[%emt 0:00:00]} 3. Nc3 {[%emt 0:00:00]} Bb4 {[%emt 0:00:00]} 4. e3 {[%emt 0:00:00]} Nf6 {[%emt 0:00:07]} 5. Nf3 {[%emt 0:00:00]} O-O {[%emt 0:00:51]} 6. Bd2 {[%emt 0:00:00]} b6 {[%emt 0:01:57]} 7. cxd5 {[%emt 0:00:00]} exd5 {[%emt 0:00:37]} 8. Bd3 {[%emt 0:00:00]} Ba6 {[%emt 0:16:07]} 9. Bxa6 {[%emt 0:00:00]} Nxa6 {[%emt 0:00:03]} 10. Qa4 {[%emt 0:00:00]} Qc8 {[%emt 0:06:12]} 11. O-O {[%emt 0:00:00]} Bxc3 {[%emt 0:03:34]} 12. Bxc3 {[%emt 0:00:00]} Qb7 {[%emt 0:01:55]} 13. Rac1 {[%emt 0:00:00]} Ne4 {[%emt 0:05:36]} 14. Rfd1 {[%emt 0:00:00]} f6 {[%emt 0:05:23]} 15. Be1 {[%emt 0:00:00]} Rac8 {[%emt 0:03:49]} 16. b3 {[%emt 0:00:00]} Rfd8 {[%emt 0:02:27]} 17. Qc6 {[%emt 0:00:00]} Qxc6 {[%emt 0:00:29]} 18. Rxc6 {[%emt 0:00:00]} Nb8 {[%emt 0:01:46]} 19. Rc2 {[%emt 0:00:00]} Nd7 {[%emt 0:03:28]} 20. Kf1 {[%emt 0:00:00]} Kf7 {[%emt 0:02:46]} 21. Ke2 {[%emt 0:00:00]} c6 {[%emt 0:04:24]} 22. Rdc1 {[%emt 0:00:00]} Nb8 {[%emt 0:00:23]} 23. Bb4 {[%emt 0:00:00]} Ke6 {[%emt 0:01:09]} 24. Ne1 {[%emt 0:00:00]} Re8 {[%emt 0:00:58]} 25. Nd3 {[%emt 0:00:00]} Kd7 {[%emt 0:00:23]} 26. Be1 {[%emt 0:00:00]} Nd6 {[%emt 0:00:34]} 27. a4 {[%emt 0:00:00]} a5 {[%emt 0:07:10]} 28. g4 {[%emt 0:00:00]} h5 {[%emt 0:08:39]} 29. h3 {[%emt 0:00:00]} hxg4 {[%emt 0:00:18]} 30. hxg4 {[%emt 0:00:00]} Rh8 {[%emt 0:00:21]} 31. Nf4 {[%emt 0:01:16]} g5 {[%emt 0:07:03]} 32. Nh5 {[%emt 0:01:21]} Rcf8 {[%emt 0:00:37]} 33. Ng3 {[%emt 0:03:24]} f5 {[%emt 0:01:32]} 34. Kd3 {[%emt 0:10:29]} 1/2-1/2

[Event "AUT-ch Open 2020"]
[Site "Graz"]
[Date "2020.02.16"]
[Round "3.6"]
[White "Karthikeyan, P.."]
[Black "Burmakin, Vladimir"]
[Result "0-1"]
[WhiteElo "2406"]
[BlackElo "2514"]
[Annotator "TA"]
[PlyCount "62"]
[EventDate "2020.02.14"]
[EventType "swiss"]
[EventCountry "AUT"]
[SourceTitle "playchess.com"]
[Source "ChessBase"]
[SourceQuality "1"]

{[%evp 27,62,0,9,0,6,0,0,0,5,-92,-80,-200,-193,-204,-197,-182,-191,-212,-205,-281,-272,-260,-177,-167,-174,-191,-163,-633,-447,-613,-599,-1088,-614,-608,-596,-29987,-1540]} 1. e4 c6 2. d4 d5 3. exd5 cxd5 4. c4 Nf6 5. Nc3 e6 6. Nf3 Bb4 7. cxd5 Nxd5 8. Bd2 Nc6 9. Bd3 Nf6 10. O-O O-O 11. Be3 Be7 12. a3 b6 13. Qe2 Bb7 14. Rad1 Rc8 15. Bg5 {B22: Sicilian: 2 c3.} Na5 16. Ne5 Nd5 17. Qh5 {[%csl Gd3][%cal Rh5h7] The position is equal.} f5 {[#]} 18. Bd2 $146 (18. Bxe7 $11 Qxe7 19. Nxd5 Bxd5 20. Bb5) ({Predecessor:} 18. Bxe7) 18... Nb3 19. Bc4 {[#]} (19. Ne2 $17 {keeps fighting.}) 19... Rxc4 $1 $19 {[%mdl 512]} 20. Nxc4 Nxd2 21. Rxd2 Nf4 {[%mdl 64] Double Attack, Discovered Attack} 22. Qd1 Bxg2 {Strongly threatening ...Bd5.} 23. Re1 {[#]} Bh4 $1 {[%mdl 512]} 24. Re3 Qg5 {( -> ...Bf3+)} 25. Rg3 Bxg3 $40 {[%mdl 128] Black wants a kill.} 26. fxg3 Bb7 {aiming for ...Nh3+.} 27. Qe1 $2 (27. Qf1 Nh3+ 28. Qxh3) 27... Nh3+ 28. Kf1 Qh6 29. Nd6 Ba6+ 30. Kg2 f4 ({Weaker is} 30... Ng5 31. Rf2 $17) 31. gxf4 Nxf4+ {Accuracy: White = 46%, Black = 76%.} (31... Qxf4 $142 32. Nf7 Rxf7 33. Kh1 Bf1 34. Qg3 Qxd2 35. Ne2 Bxe2 36. Qb8+ Rf8 37. Qxf8+ Kxf8 38. Kg2 Qg5+ 39. Kxh3 Qg4#) 0-1

[Event "AUT-ch Open 2020"]
[Site "Graz"]
[Date "2020.02.16"]
[Round "3.6"]
[White "Chylewski, Patryk"]
[Black "Klings, Peter"]
[Result "1-0"]
[WhiteElo "2350"]
[BlackElo "2154"]
[Annotator "ChessBase"]
[PlyCount "79"]
[EventDate "2020.02.14"]
[EventType "swiss"]
[EventCountry "AUT"]
[SourceTitle "playchess.com"]
[Source "ChessBase"]
[SourceQuality "1"]
[TimeControl "40/5400+30:1800+30"]

1. Nf3 {[%emt 0:00:00]} Nf6 {[%emt 0:00:00]} 2. c4 {[%emt 0:00:00]} e6 {[%emt 0:00:14]} 3. g3 {[%emt 0:00:40]} a6 {[%emt 0:00:33]} 4. Bg2 {[%emt 0:00:51]} b5 {[%emt 0:00:06]} 5. cxb5 {[%emt 0:09:58]} axb5 {[%emt 0:00:07]} 6. d4 {[%emt 0:00:04]} d5 {[%emt 0:07:33]} 7. O-O {[%emt 0:05:57]} Nbd7 {[%emt 0:08:52]} 8. Nc3 {[%emt 0:03:21]} b4 {[%emt 0:04:54]} 9. Na4 {[%emt 0:00:26]} Ba6 {[%emt 0:07:26]} 10. b3 {[%emt 0:09:30]} Bb5 {[%emt 0:01:39]} 11. Nb2 {[%emt 0:03:17]} c5 {[%emt 0:04:36]} 12. dxc5 {[%emt 0:01:13]} Nxc5 {[%emt 0:00:16]} 13. Nd4 {[%emt 0:03:07]} Ba6 {[%emt 0:02:42]} 14. Bd2 {[%emt 0:13:00]} Qb6 {[%emt 0:01:32]} 15. Nc4 {[%emt 0:08:39]} Bxc4 {[%emt 0:25:21]} 16. bxc4 {[%emt 0:00:07]} Nce4 {[%emt 0:00:10]} 17. e3 {[%emt 0:15:50]} Ra3 {[%emt 0:18:12]} 18. cxd5 {[%emt 0:01:42]} exd5 {[%emt 0:00:03]} 19. Qc2 {[%emt 0:02:46]} Bc5 {[%emt 0:03:36]} 20. Bxb4 {[%emt 0:03:27]} Qxb4 {[%emt 0:02:33]} 21. Rfb1 {[%emt 0:01:21]} O-O {[%emt 0:02:52]} 22. Rxb4 {[%emt 0:00:05]} Bxb4 {[%emt 0:00:02]} 23. Nb5 {[%emt 0:04:24]} Ra5 {[%emt 0:00:08]} 24. Qc6 {[%emt 0:02:43]} h5 {[%emt 0:01:57]} 25. a4 {[%emt 0:01:09]} Raa8 {[%emt 0:00:49]} 26. Bxe4 {[%emt 0:03:28]} dxe4 {[%emt 0:00:03]} 27. Nd6 {[%emt 0:00:18]} Bxd6 {[%emt 0:02:07]} 28. Qxd6 {[%emt 0:00:03]} Ra5 {[%emt 0:00:26]} 29. h3 {[%emt 0:00:45]} Rfa8 {[%emt 0:01:23]} 30. Qd4 {[%emt 0:00:07]} Kh7 {[%emt 0:00:45]} 31. Qc4 {[%emt 0:00:32]} R8a7 {[%emt 0:00:23]} 32. Kg2 {[%emt 0:00:36]} Kg6 {[%emt 0:00:06]} 33. Qc2 {[%emt 0:00:36]} Kh6 {[%emt 0:00:29]} 34. Ra2 {[%emt 0:03:28]} Kg5 {[%emt 0:00:30]} 35. Rb2 {[%emt 0:01:26]} Rxa4 {[%emt 0:00:37]} 36. Rb5+ {[%emt 0:00:37]} Kh6 {[%emt 0:02:10]} 37. Qc5 {[%emt 0:00:45]} R4a6 {[%emt 0:03:18]} 38. g4 {[%emt 0:02:42]} hxg4 {[%emt 0:00:30]} 39. Qg5+ {[%emt 0:00:30]} Kh7 {[%emt 0:00:30]} 40. Qh4+ {[%emt 0:00:00]} 1-0

[Event "AUT-ch Open 2020"]
[Site "Graz"]
[Date "2020.02.16"]
[Round "3.7"]
[White "Livaic, Leon"]
[Black "Hoefelsauer, Thomas"]
[Result "1-0"]
[WhiteElo "2492"]
[BlackElo "2390"]
[Annotator "ChessBase"]
[PlyCount "57"]
[EventDate "2020.02.14"]
[EventType "swiss"]
[EventCountry "AUT"]
[SourceTitle "playchess.com"]
[Source "ChessBase"]
[SourceQuality "1"]
[TimeControl "40/5400+30:1800+30"]

1. e4 {[%emt 0:00:00]} c6 {[%emt 0:00:00]} 2. d4 {[%emt 0:00:00]} d5 {[%emt 0:00:00]} 3. exd5 {[%emt 0:00:17]} cxd5 {[%emt 0:00:00]} 4. Bd3 {[%emt 0:00:03]} Nc6 {[%emt 0:00:02]} 5. c3 {[%emt 0:00:08]} Nf6 {[%emt 0:00:28]} 6. h3 {[%emt 0:00:56]} g6 {[%emt 0:00:13]} 7. Nf3 {[%emt 0:00:28]} Bf5 {[%emt 0:00:45]} 8. Ne5 {[%emt 0:00:52]} Bxd3 {[%emt 0:03:07]} 9. Nxd3 {[%emt 0:00:06]} Bg7 {[%emt 0:00:55]} 10. Bf4 {[%emt 0:00:40]} O-O {[%emt 0:00:53]} 11. Nd2 {[%emt 0:00:48]} e6 {[%emt 0:01:51]} 12. O-O {[%emt 0:00:47]} Rc8 {[%emt 0:02:32]} 13. Re1 {[%emt 0:02:52]} Nd7 {[%emt 0:08:23]} 14. Qg4 {[%emt 0:10:41]} Na5 {[%emt 0:04:44]} 15. Bg5 {[%emt 0:11:43]} Qb6 {[%emt 0:00:42]} 16. Re2 {[%emt 0:03:41]} Nc4 {[%emt 0:08:15]} 17. Nxc4 {[%emt 0:01:12]} Rxc4 {[%emt 0:02:28]} 18. Qf3 {[%emt 0:07:25]} Rcc8 {[%emt 0:06:53]} 19. Rae1 {[%emt 0:04:42]} Qd6 {[%emt 0:04:35]} 20. h4 {[%emt 0:02:03]} h5 {[%emt 0:09:45]} 21. Nf4 {[%emt 0:09:02]} Nf6 {[%emt 0:09:52]} 22. Bxf6 {[%emt 0:02:21]} Bxf6 {[%emt 0:00:03]} 23. Nxh5 {[%emt 0:07:37]} Bxh4 {[%emt 0:00:30]} 24. Qg4 {[%emt 0:05:27]} Qe7 {[%emt 0:05:18]} 25. Re5 {[%emt 0:00:57]} Rcd8 {[%emt 0:07:19]} 26. Nf4 {[%emt 0:04:49]} Kg7 {[%emt 0:11:49]} 27. R1e3 {[%emt 0:06:45]} Rh8 {[%emt 0:03:03]} 28. Rxe6 {[%emt 0:00:48]} Qg5 {[%emt 0:01:47]} 29. Rxg6+ {[%emt 0:00:08]} 1-0